000 00882nac a22002417a 4500
001 BR7906719
003 BR-BrBNA
005 20240105114523.0
008 230509b bl.|||m| |||| 00| 0 por d
040 _aBR-BrBNA
_bpor
_cBiblioteca Nacional de Agricultura
072 _aE15; E70
090 _aE15 BR7906719
110 1 _aCooperativa Agricola Mista Vale do Piquiri Ltda., Palotina, PR (Brasil)
_92783
245 1 _aRelatorio/79 [Cooperativa Agricola Mista Vale do Piquiri Ltda., Contabilidade, entreposto, Palotina, Parana, Brasil]
260 3 _aPalotina, PR (Brasil):
_c[nd].
300 _a62 p.
490 _aRelatorio - Cooperativa Agricola Mista Vale do Piquiri Ltda. (Brazil)
_v
_x
500 _aNumerical data; Published 1979?
650 _aCOOPERATIVA DE PRODUTORES
650 _aPARANA
909 _a202312
_bLúcia Elande
_c55
_dLúcia Elande
942 _2AGRIS
_n0
_cMS
999 _c269822
_d269822